00340nam a2200097Ia 4500008004100000020001800041100002400059245010800083260003200191300001900223180315s9999 xx 000 0 und d a9781138100404 aGrant, Robert Jason aAutplay therapy for children and adolescents on the autism spectrum :bA behavioral play-based approach aNew York :b2017cRoutledge axvi, 219 pages